Deterministic lotsizing models for production planning
Gardado en:
| Autor Principal: | |
|---|---|
| Formato: | Libro |
| Idioma: | inglés |
| Publicado: |
Berlín
Springer Verlag
1991
|
| Edición: | 1a. ed |
| Series: | Lecture Notes in Economics and Mathematical Systems, 355
|
| Subjects: | |
| Tags: |
Engadir etiqueta
Sen Etiquetas, Sexa o primeiro en etiquetar este rexistro!
|
MARC
| LEADER | 00000nam a2200000 a 4500 | ||
|---|---|---|---|
| 001 | UCK1571 | ||
| 003 | CL-VaPUC | ||
| 008 | 041119e19910000GW |||||||||||||||||eng|d | ||
| 020 | |a 3540537015 | ||
| 082 | 0 | 4 | |a 658.503 |b SAL |2 21 |
| 100 | 0 | |a Salomon, Marc |e author |9 489451 | |
| 245 | 1 | 0 | |a Deterministic lotsizing models for production planning |
| 250 | |a 1a. ed | ||
| 300 | |a 158 p | ||
| 942 | |c BK | ||
| 945 | |d 20041119 00:00:00 |a vberengu | ||
| 260 | |a Berlín |b Springer Verlag |c 1991 | ||
| 650 | 0 | |a Producción |9 263680 | |
| 650 | 0 | |a Producción |x Planificación |9 260672 | |
| 650 | 0 | |a Modelos matemáticos |9 259437 | |
| 650 | 7 | |a GESTION DE PRESUPUESTOS |2 CL-VaPUC |9 413288 | |
| 583 | |a last modification |c 20041119 00:00:00 |k Rodrigo Vera | ||
| 490 | 0 | |a Lecture Notes in Economics and Mathematical Systems, 355 | |
| 999 | |c 311481 |d 311479 | ||
| 952 | |0 0 |1 0 |4 0 |6 658_503000000000000_SAL_1991 |7 0 |8 A |9 380880 |a BIBING |b BIBING |d 2019-11-21 |i 4078551 |o 658.503 SAL 1991 |p 4078551 |r 2025-01-20 |w 2019-11-21 |y BK |k EII | ||